100 Questions About Doctor Who - Statistics

General Stats
  • This quiz has been taken 64 times
  • The average score is 42 of 100
Answer Stats
Hint Answer % Correct
1 What colour is the TARDIS? Blue
98%
3 Which actor played the Tenth and Fourteenth Doctors? David Tennant
95%
2 The Doctor often uses a tool called a sonic what? Screwdriver
95%
4 What does the "T" in TARDIS stand for? Time
93%
7 What word are the Daleks known to say repeatedly before killing? Exterminate
91%
14 How many actors played The Doctor during the Classic Era (1963-1989)? 7
85%
8 Which companion was played by Catherine Tate? Donna Noble
85%
5 What planet did The Doctor grow up on? Gallifrey
85%
6 Who was the first woman to play The Doctor? Jodie Whittaker
85%
9 What is the name of the episode which introduced the weeping angels? Blink
84%
13 Which companion did the Eleventh Doctor refer to as "The girl who waited"? Amy Pond
82%
20 The 4th Doctor was known for wearing a long multi-coloured what? Scarf
80%
22 Roger Delgado, Michelle Gomez and Sacha Dhawan have all played incarnations of which famous villain and old friend of The Doctor? The Master
80%
25 The Sontarans are known for having a weak point on the back of their what? Neck
78%
18 The 10th, 11th, 12th and 13th Doctors all had how many series? 3
76%
24 Which companion was with the 11th Doctor when he regenerated? Clara Oswald
76%
11 Which actor played The Doctor for the longest time, from 1974 until 1981? Tom Baker
76%
12 Which Doctor's final words were "Doctor, I let you go"? 12th Doctor
75%
19 Which legendary historical figure did The Doctor meet in the episode "Robot Of Sherwood"? Robin Hood
75%
15 What was the title of the first episode of NuWho (2005-)? Rose
75%
10 Which actor played the First Doctor? William Hartnell
73%
23 How many episodes were in Doctor Who: Flux? 6
71%
17 What was the name of the 50th Anniversary Special episode in which the 10th and 11th Doctors met? The Day Of The Doctor
71%
43 The second ever serial of Doctor Who introduced which iconic villains? Daleks
67%
32 Which spinoff's title is an anagram of Doctor Who? Torchwood
67%
53 Which famous painter did the 11th Doctor take to the Musée D'Orsay to see his own work? Vincent van Gogh
67%
31 Which character's name completed the titles of the episodes "The Wedding Of __________" and "The Husbands Of __________"? River Song
65%
50 The Doctor Who 50th Anniversary Special was broadcast in what year? 2013
64%
56 Which famous writer was portrayed by Fenella Woolgar in the 2008 episode The Unicorn And The Wasp? Agatha Christie
64%
51 Which actor played The War Doctor? John Hurt
62%
38 Which actress played the companion Sarah Jane Smith? Elisabeth Sladen
60%
27 Fill in the quote: "The universe is cracked. The Pandorica will open. _______ will fall." Silence
60%
41 Which story introduced the species known as the Vashta Nerada? Silence In The Library/Forest Of The Dead
60%
29 What is the common name of the species who are also referred to as Homo Reptilia? Silurians
58%
47 Who was showrunner of Doctor who from 2010 until 2017? Steven Moffat
58%
70 How many companions did the First Doctor have in total? 10
56%
62 Which famous recurring enemies of the Doctor make their first appearance on the above planet? Cybermen
56%
54 Which villain from Season 3 of the First Doctor's era made a return in the 60th Anniversary Specials in 2023? The Toymaker
55%
26 Which character sung the song 'Mickey' by Toni Basil with the lyrics changed to fit her own name? Missy
53%
40 What was the name of the companion played by Matt Lucas, who featured in Series 10 of NuWho (2005-)? Nardole
53%
49 In which episode do The Doctor and Donna Noble initially believe they have landed in Ancient Rome? The Fires Of Pompeii
53%
21 How many episodes featuring Matt Smith as the 11th Doctor have been written by women? 0
51%
16 What was the title of the first serial of Classic Who (1963-1989)? An Unearthly Child
51%
30 What was the name of the alien species who attempted to conquer the Earth in "The Christmas Invasion"? Sycorax
49%
34 In the Eleventh Doctor's first story, he has how many minutes to save the world? 20
47%
79 The 1965-1966 serial The Daleks' Master Plan consisted of how many episodes? 12
44%
46 What species were introduced in a 1967 serial and later reappeared in the episodes "Cold War" and "Empress Of Mars"? Ice Warriors
44%
36 The 2024 episode The Devil's Chord featured which famous drag queen as the villain Maestro? Jinkx Monsoon
42%
42 Companions Barbara Wright, Ian Chesterton and Clara Oswald all worked at which school? Coal Hill School
40%
35 The characters Vastra, Jenny and Strax are together known as what? The Paternoster Gang
40%
75 What country does Martha Jones travel to in the episode Journey's End? Germany
38%
48 Cybermen were once believed to be allergic to what material? Gold
38%
28 In which episode does The Doctor's companion Yaz witness her grandmother's wedding on the border between India and Pakistan? Demons of the Punjab
36%
61 What planet is referred to in the title of the 1966 serial The Tenth Planet? Mondas
36%
33 What was the name of the Gallifreyan explorer who found The Doctor as a child? Tecteun
36%
74 In which season is the serial "Nightmare Of Eden"? 17
35%
90 How many Doctor Who TV stories have had the word "Dalek" or "Daleks" in the title? 20
35%
44 What was the name of the only Doctor Who episode released in 2019? Resolution
35%
55 In the 2024 episode The Legend Of Ruby Sunday, The Trickster, The Mara and Maestro are all described as being part of what? The Pantheon
35%
58 Which 1969 serial was rereleased in 2023 in colour, showing the 2nd Doctor's regeneration? The War Games
31%
52 Which actress played The Fugitive Doctor? Jo Martin
29%
65 What is the name of the song that The Master plays when unleashing the Toclafane in "The Sound Of Drums"? Voodoo Child
27%
39 Which actor broke the record for the longest time between two televised appearances when he returned as Ian Chesterton in the 2022 episode The Power Of The Doctor? William Russell
27%
67 What is the name of Ruby Sunday's grandmother? Cherry Sunday
25%
37 In which episode was The Doctor trapped in a time loop and exterminated 8 times? Eve Of The Daleks
25%
66 The Time Lord Omega is introduced in which serial? The Three Doctors
24%
99 The shot of Cybermen walking through the streets of London in the episode Dark Water is a reference to which Classic Who (1963-1989) serial? The Invasion
22%
60 What is the longest ever episode of Doctor Who, at 87 minutes long? The Power Of The Doctor
22%
45 What was the real name of the Lone Cyberman? Ashad
20%
73 What is the name of the planet orbiting a black hole where The Doctor finds the Devil imprisoned? Krop Tor
20%
77 Which 1989 serial was based loosely on Arthurian legend? Battlefield
18%
72 Which episode features a romance between astronaut Adam and ex-police officer Jake? Praxeus
18%
78 In what episode are the vampiric Haemovores introduced? The Curse Of Fenric
18%
91 Which completely missing serial introduced a species that later appeared in a devolved form during the 10th Doctor's era? The Macra Terror
18%
59 What was the name of the girl in Clara Oswald's class who went to the moon? Courtney
16%
100 What is the last word of the last serial of Classic Who (1963-1989)? Do
16%
87 What is the only serial in all of Classic Who (1963-1989) to not feature The Doctor at all? Mission To The Unknown
15%
57 Finish the quote: "Swiss army sonic. Now with added _________ steel." Sheffield
15%
64 How long was The Doctor trapped inside a confession dial in the Series 9 episode Heaven Sent? 4.5 billion years
13%
71 What was the name of the cowardly species who featured in the episodes "The God Complex" and "Before The Flood"? Tivolians
13%
98 Who said "It has been an absolute pleasure working with you, and I truly believe that you'll never be able to find it in your heart to murder me!"? Doctor Chang
11%
88 In what year does the episode "The Haunting Of Villa Diodati" take place? 1816
9%
85 What is the name of the alien representative of the Galatron Mining Corporation in the serial Vengeance On Varos? Sil
9%
76 Anjli Mohindra played the queen of what species in the 2020 episode Nikola Tesla's Night Of Terror? Skithra
9%
63 What is the name of the planet where the 13th Doctor finds her TARDIS after falling out of it shortly after regenerating? Desolation
7%
94 Which actress portrays the mother of Chloe Webber in the 2006 episode Fear Her? Nina Sosanya
7%
92 Who is the only writer to have written both Classic and NuWho episodes? Rona Munro
7%
68 Which actress plays the above character? Angela Wynter
5%
81 What was the name of the haunted house in the 2013 episode Hide? Caliburn House
5%
93 What is the most recent Classic Who (1963-1989) serial to be completely missing? Fury From The Deep
5%
83 The 1978 serial "The Stones Of Blood" featured which silicon-based alien species? Ogri
5%
84 Which episode featured Prime Minister Jo Patterson? Revolution Of The Daleks
5%
95 What is the name of the 150th Classic Who (1963-1989) serial? Silver Nemesis
5%
96 What is the name of the 100th NuWho (2005-) episode? The Crimson Horror
5%
89 What is the name of companion Yasmin Khan's mum? Najia
4%
69 On what planet does Donna Noble meet a fortune teller who tricks her into rewriting her own history? Shan Shen
4%
80 What is the name of the girl from medieval Aleppo who travels with the Doctor in the 2020 episode Can You Hear Me? Tahira
4%
97 What is the name of the fictional country featured in the episodes "The Zygon Invasion" and "The Pyramid At The End Of The World"? Turmezistan
4%
86 What is the name of the ore the above mining corporation is buying from Varos? Zeiton-7
4%
82 What was the name of the pioneer time traveller who was trapped in a bubble universe and accidentally haunted the above house? Hila Tacorian
2%
No matching quizzes found
Score Distribution
Percent of People with Each Score
Percentile by Number Answered
Your Score History
You have not taken this quiz